000 00382pam a2200169a 44500
008 230405s1973 xxu||||| |||| 00| 0 eng d
041 _aENG
100 _a-
245 _aNATIONAL CONFERENCE ON TALL BUILDINGS
250 _a1973
260 _aMUMBAI
_bPRELIMINARY PUB
_c1973
300 _aH.B, MISE PAGE
650 _aCIVIL
690 _aCIVIL
700 _a-
906 _a395
999 _c814590
_d814590